Ahtisaariho plán pre Kosovo

Stručný historický pohľad na problémy v Kosove. Náboženstvo v Kosove. Politický proces vedený OSN a Ahtisaariho plán. Alternatívy k Ahtisaariho plánu. Pozícia Slovenskej republiky a ostatných štátov.

Salvato in:
Dettagli Bibliografici
Autore principale: Gálová, Lucia
Natura: Capitolo di libro
Lingua:slovacco
Soggetti:
Tags: Aggiungi Tag
Nessun Tag, puoi essere il primo ad aggiungerne!!

MARC

LEADER 00000naa$a2200000$$$4500
001 0068388
005 20240502071827.2
041 0 |a slo 
044 |a SK 
245 1 0 |a Ahtisaariho plán pre Kosovo  |c Lucia Gálová 
520 |a Stručný historický pohľad na problémy v Kosove. Náboženstvo v Kosove. Politický proces vedený OSN a Ahtisaariho plán. Alternatívy k Ahtisaariho plánu. Pozícia Slovenskej republiky a ostatných štátov. 
610 2 0 |a história 
610 2 0 |a politika medzinárodná 
610 2 0 |a Srbsko 
610 2 0 |a Slovensko 
610 2 0 |a náboženstvo 
610 2 0 |a konflikty medzinárodné 
100 1 |a Gálová, Lucia